Půjčovna dívek /

Hlavní autor: Synek, Karel, 1942-
Jazyk: Čeština
Vydáno: Třebíč : Akcent, 2013
Vydání: Vyd. 1.
Témata:
Fyzický popis: 269 s. : il. ; 22 cm
Knihy
Uloženo v:
LEADER 00953cam a2200313 a 4500
001 nkc20132500346
003 CZ PrNK
005 20140311153703.0
007 ta
008 131022s2013 xr e 000 f cze d
015 |a cnb002500346 
020 |a 978-80-7268-970-5  |q (váz.) 
035 |a (OCoLC)872337834 
040 |a OSA001  |b cze  |d ABA001 
072 7 |a 821.162.3-3  |x Česká próza  |2 Konspekt  |9 25 
080 |a 821.162.3-31  |2 MRF 
080 |a (0:82-31)  |2 MRF 
100 1 |a Synek, Karel,  |d 1942-  |7 mzk2006342991  |4 aut 
245 1 0 |a Půjčovna dívek /  |c Karel Synek 
250 |a Vyd. 1. 
260 |a Třebíč :  |b Akcent,  |c 2013 
300 |a 269 s. :  |b il. ;  |c 22 cm 
655 7 |a české romány  |7 fd133974  |2 czenas 
655 9 |a Czech fiction  |2 eczenas 
910 2 |a BOA001  |b 2-1322.951 
990 |a BK 
995 |a 01 
991 |b 201403  |c NOV  |e b 
996 6 |b 2610584608  |c 2-1322.951  |l MZK  |r Sklad / do 1 hodiny  |n 0  |p p.v.  |w 001407216  |u 000010  |a 1  |e BOA001  |j MZK50  |s P